<?xml version="1.0" encoding="UTF-8"?>
<record
    xmlns:xsi="http://www.w3.org/2001/XMLSchema-instance"
    xsi:schemaLocation="http://www.loc.gov/MARC21/slim http://www.loc.gov/standards/marcxml/schema/MARC21slim.xsd"
    xmlns="http://www.loc.gov/MARC21/slim">

  <leader>02002nam a2200229   4500</leader>
  <controlfield tag="001">ESSALUD</controlfield>
  <controlfield tag="007">ta</controlfield>
  <controlfield tag="008">      t2026    pe ||||| |||| 00| 0 spa d</controlfield>
  <datafield tag="040" ind1=" " ind2=" ">
    <subfield code="a">BMG</subfield>
  </datafield>
  <datafield tag="041" ind1=" " ind2=" ">
    <subfield code="a">spa</subfield>
  </datafield>
  <datafield tag="100" ind1=" " ind2=" ">
    <subfield code="a">Orellana Vicu&#xF1;a, Arturo</subfield>
    <subfield code="e">autor</subfield>
    <subfield code="9">52700</subfield>
  </datafield>
  <datafield tag="245" ind1=" " ind2=" ">
    <subfield code="a">Esofaguectom&#xED;a toracolaparosc&#xF3;pica para c&#xE1;ncer de es&#xF3;fago: serie de casos y resultados perioperatorios en un Hospital Nacional del Per&#xFA; (2022&#x2013;2026)</subfield>
  </datafield>
  <datafield tag="300" ind1=" " ind2=" ">
    <subfield code="a">p&#xE1;ginas 39-45</subfield>
  </datafield>
  <datafield tag="520" ind1=" " ind2=" ">
    <subfield code="a">La esofaguectom&#xED;a toracolaparosc&#xF3;pica es una t&#xE9;cnica m&#xED;nimamente invasiva para el c&#xE1;ncer de es&#xF3;fago, asociada a menor morbilidad y adecuada radicalidad oncol&#xF3;gica y es piedra angular del tratamiento multimodal con intenci&#xF3;n curativa. El objetivo del estudio fue evaluar resultados iniciales de pacientes sometidos a esofaguectom&#xED;a toracolaparosc&#xF3;pica en un hospital nacional del Per&#xFA;. Serie de casos con seguimiento de 30&#x2013;60 d&#xED;as. Se incluyeron pacientes con c&#xE1;ncer de es&#xF3;fago resecable sometidos a abordaje toracosc&#xF3;pico, laparosc&#xF3;pico y cervicotom&#xED;a con linfadenectom&#xED;a de dos campos (2022&#x2013;2026). Se incluyeron 11 pacientes (54,5% mujeres), edad media 61,9 a&#xF1;os. El tiempo operatorio medio fue 371,5 min y la p&#xE9;rdida sangu&#xED;nea 108,8 ml. No hubo complicaciones intraoperatorias. Las principales complicaciones posoperatorias fueron neumon&#xED;a (45,5%) y fuga anastom&#xF3;tica (36,4%). La estancia hospitalaria media fue 61,4 d&#xED;as. No hubo mortalidad en periodo seguimiento. La esofaguectom&#xED;a toracolaparosc&#xF3;pica es factible y segura en un hospital de referencia, con resultados perioperatorios aceptables y nula mortalidad a corto plazo.</subfield>
  </datafield>
  <datafield tag="650" ind1=" " ind2=" ">
    <subfield code="a">NEOPLASIAS ESOF&#xC1;GICAS</subfield>
    <subfield code="9">12589</subfield>
  </datafield>
  <datafield tag="650" ind1=" " ind2=" ">
    <subfield code="a">CARCINOMA DE C&#xC9;LULAS ESCAMOSAS DE ES&#xD3;FAGO</subfield>
    <subfield code="9">52701</subfield>
  </datafield>
  <datafield tag="650" ind1=" " ind2=" ">
    <subfield code="a">ESOFAGECTOM&#xCD;A</subfield>
    <subfield code="9">52702</subfield>
  </datafield>
  <datafield tag="650" ind1=" " ind2=" ">
    <subfield code="a">SEGURIDAD SOCIAL</subfield>
    <subfield code="9">2070</subfield>
  </datafield>
  <datafield tag="650" ind1=" " ind2=" ">
    <subfield code="a">PER&#xDA;</subfield>
    <subfield code="9">13</subfield>
  </datafield>
  <datafield tag="773" ind1="0" ind2=" ">
    <subfield code="0">22497</subfield>
    <subfield code="9">22595</subfield>
    <subfield code="d">Lima :  IETSI</subfield>
    <subfield code="o">CITES01</subfield>
    <subfield code="t">Ciencia y Tecnolog&#xED;a aplicada a la Salud P&#xFA;blica</subfield>
    <subfield code="w">ESSALUD</subfield>
    <subfield code="x">3119-7981</subfield>
  </datafield>
  <datafield tag="942" ind1=" " ind2=" ">
    <subfield code="c">ARTICULOS</subfield>
    <subfield code="e">2026-06-11</subfield>
    <subfield code="z">AFC</subfield>
  </datafield>
  <datafield tag="999" ind1=" " ind2=" ">
    <subfield code="c">22521</subfield>
    <subfield code="d">22521</subfield>
  </datafield>
</record>
